Swarm intelligence
Na minha lista:
| Principais autores: | , , |
|---|---|
| Formato: | Livro |
| Idioma: | inglês |
| Publicado em: |
San Francisco
Morgan Kaufmann
2001
|
| coleção: | The Morgan Kaufmann Series in Evolutionary Computation
|
| Assuntos: | |
| Tags: |
Adicionar Tag
Sem tags, seja o primeiro a adicionar uma tag!
|
MARC
| LEADER | 00000nam a2200000 a 4500 | ||
|---|---|---|---|
| 001 | UCK3256 | ||
| 003 | CL-VaPUC | ||
| 008 | 050422e20010000US |||||||||||||||||eng|d | ||
| 020 | |a 1558605959 | ||
| 082 | 0 | 4 | |a 006.3 |b KEN |2 21 |
| 100 | 0 | |a Kennedy, James |e author |9 491318 | |
| 700 | 0 | |a Eberhart, Russell C |e author |9 491319 | |
| 700 | 0 | |a Shi, Yuhui |e author |9 491320 | |
| 245 | 1 | 0 | |a Swarm intelligence |
| 300 | |a 512 p | ||
| 942 | |c BK | ||
| 945 | |d 20050422 00:00:00 |a cmena | ||
| 260 | |a San Francisco |b Morgan Kaufmann |c 2001 | ||
| 650 | 7 | |a INTELIGENCIA ARTIFICIAL |2 CL-VaPUC |9 491321 | |
| 650 | 0 | |a Optimización matemática |9 259780 | |
| 650 | 0 | |a Cambio social |9 256857 | |
| 650 | 0 | |a Influencia social |9 309315 | |
| 650 | 0 | |a Aplicaciones de computadores |9 260401 | |
| 650 | 0 | |a Diseño de sistemas |9 262363 | |
| 583 | |a last modification |c 20050422 00:00:00 |k Rodrigo Vera | ||
| 490 | 0 | |a The Morgan Kaufmann Series in Evolutionary Computation | |
| 999 | |c 312514 |d 312512 | ||
| 952 | |0 0 |1 0 |4 0 |6 006_300000000000000_KEN_2001 |7 0 |8 A |9 382926 |a BIBING |b BIBING |d 2019-11-21 |i 4115007 |o 006.3 KEN 2001 |p 4115007 |r 2025-01-20 |w 2019-11-21 |y BK |k CCI | ||
| 952 | |0 0 |1 0 |4 0 |6 006_300000000000000_KEN_2001 |7 0 |8 A |9 382927 |a BIBING |b BIBING |d 2019-11-21 |i 4115015 |o 006.3 KEN 2001 |p 4115015 |r 2025-01-20 |w 2019-11-21 |y BK |k CCI | ||